LEADER 01797nam 2200373 n 450 001 996391029303316 005 20200824121737.0 035 $a(CKB)4940000000106762 035 $a(EEBO)2240877658 035 $a(UnM)99860444e 035 $a(UnM)99860444 035 $a(EXLCZ)994940000000106762 100 $a19850712d1642 uy | 101 0 $aeng 135 $aurbn||||a|bb| 200 14$aThe Scotts declaration, in answer to the declaration, sent unto them by their commissioners now at London, from the honourable Houses of Parliament of England$b[electronic resource] $eexpressing their care to prevent the effusion of Christian blood; and their affections to reformation both to kirk and state. Ordered by the Lords and Commons, that this be forthwith printed and published, H. Elsynge, Cler. Parl. Dom: Com 210 $a[London] $cPrinted, for Edw. Husbands and John Francks, and are to be sold at their shops, in the middle Temple, and next door to the sign of the Kings-head in Fleet-street$dSeptem. 1. 1642 215 $a15, [1] p 300 $aAttributed to Alexander Henderson by Wing. 300 $aReproduction of the original in the British Library. 330 $aeebo-0018 606 $aChurch history$vEarly works to 1800 607 $aScotland$xHistory$yCharles I, 1625-1649$vSources 615 0$aChurch history 701 $aHenderson$b Alexander$f1583?-1646.$01003757 712 02$aScotland.$bConvention of Estates. 801 0$bCu-RivES 801 1$bCu-RivES 801 2$bCStRLIN 801 2$bWaOLN 906 $aBOOK 912 $a996391029303316 996 $aThe Scotts declaration, in answer to the declaration, sent unto them by their commissioners now at London, from the honourable Houses of Parliament of England$92397043 997 $aUNISA